Normal view
MARC view
- Evidence-based psychiatry
Entry Topical Term
001 - CONTROL NUMBER
- control field: 144503
003 - CONTROL NUMBER IDENTIFIER
- control field: KE-NaSUL
005 - DATE AND TIME OF LATEST TRANSACTION
- control field: 20250825194901.0
008 - FIXED-LENGTH DATA ELEMENTS
- fixed length control field: 250825|| aca||aabn | a|a d
040 ## - CATALOGING SOURCE
- Original cataloging agency: KE-NaSUL
- Transcribing agency: KE-NaSUL
150 ## - HEADING--TOPICAL TERM
- Topical term or geographic name as entry element: Evidence-based psychiatry
670 ## - SOURCE DATA FOUND
- Source citation: Work cat.: (KE-NaSUL)102799: Dobson, Deborah J. G. (Deborah June Gora), 1954- 144502, Evidence-based practice of cognitive-behavioral therapy, c2009.